000 00794nam a2200181 i 4500
001 184541
003 ES-MaACL
005 20250702221251.0
008 151021s1891 sp |||| | spa d
080 _a347(460.23)"19"(094.5)
245 0 0 _aColecció dels discursos pronunciats per les Senadors Exm. Sr. D. Joseph Maluquer de Tirroll y Excm. Sr. D. Manuel Durán y Bas... en defensa de la llegislació civil catalana en lo Senat y en lo Congrés ab motiu de la presentació á las Corts del Códich Civil de 1889.
260 _aBarcelona :
_b[s.n.],
_c1891 (
_fImprenta Barcelonesa)
300 _a1 h., 318 p., 1 h. ;
_c27 cm.
650 4 _aDerecho civil-
_zCataluña.
_9140364
700 1 _aDurán y Bas, Manuel,
_d1823-1907
_946240
852 _aES-MaACL
_jG-2993
999 _c184541
_d184541